000 01207cam a2200289 a 4500
999 _c332158
_d332158
001 2598131
003 NUST
005 20171115155526.0
008 970530s1998 flua bf 001 0 eng
010 _a 97024311
020 _a1566702097 (acidfree paper)
040 _aDLC
_cDLC
_dDLC
050 0 0 _aTD897.5
_b.S74 1998
082 0 0 _a628.43 STE
_221
100 1 _aStephenson, Ralph L.,
_d1939-
_96411
245 1 4 _aThe industrial wastewater systems handbook /
_cRalph L. Stephenson, James W. Blackburn, Jr.
260 _aBoca Raton, FL :
_bCRC Press,
_cc1998.
300 _aP-25, 495 p. :
_bill. ;
_c26 cm.
500 _aH.B
504 _aIncludes bibliographical references and index.
650 0 _aFactory and trade waste
_xHandbooks, manuals, etc.
_96412
700 1 _aBlackburn, James W.,
_d1950-
_96413
856 4 2 _3Publisher description
_uhttp://www.loc.gov/catdir/enhancements/fy0729/97024311-d.html
906 _a7
_bcbc
_corignew
_d1
_eocip
_f19
_gy-gencatlg
942 _2ddc
_cBK
_kIESE